Hlinená krása v dielni Viliama Franka [ľudového keramikára z Pukanca]

Bibliographic Details
Main Author: Rajtár, Š. (Author)
Format: Article
Language:Slovak
Subjects:

MARC

LEADER 00000nab a2200000 a 4500
001 vtls008961516
003 SK-MaSNL
005 20260303070703.0
008 070207 1977 xo 000 0 slo
015 |a SNBRB1977 
040 |a SNKBUCL  |b slo  |c SNKBUCL  |e AACR2 
041 0 |a slo 
044 |a xo  |c SK 
080 |a 738.071.1  |2 2001 
080 |a 929 Frank, Viliam  |2 2001 
100 1 |a Rajtár, Š.  |4 aut  |9 1068428 
245 1 0 |a Hlinená krása  |b v dielni Viliama Franka [ľudového keramikára z Pukanca]  |c Š. Rajtár 
600 1 7 |a Frank, Viliam  |2 snkbucl  |9 6980 
650 0 7 |a ľudová keramika  |2 snkbucl  |9 51884 
651 7 |a Pukanec (Slovensko)  |2 snkbucl  |9 196060 
773 0 |t Roľnícke noviny  |g 21.1.1977, s. 8 
999 |c 1756512  |d 1758442